00573nam a2200145 a 450000100100000000500170001000800410002702000180006804000250008624501360011126000530024730000360030050000420033650000490037800004573520201002052420.0150508s2015 dr c 000 0 spa d a9789445892512 aDO-SdBNPbspacBNPHU00aConfesión de partes :baforismos y fragmentos del taller de creación literaria experimental Coiné /cAlexis Peña...[et al]. aSanto Domingo :bEditorial Letra Erguida,c2015. a151 p. :bil., retrs. ;c23 cm. aTaller y selección de Alexis Peña aIncluye datos biográficos de Alexis Peña